Transformácia areálu Istrochemu, Bratislava

Uložené v:
Podrobná bibliografia
Hlavný autor: Nichtová, Alexandra (Autor)
Ďalší autori: Bašová, Silvia (Vedúci práce)
Médium: Rukopis Kniha
Jazyk:Slovak
Vydavateľské údaje: 2024
Predmet:
On-line prístup:http://is.stuba.sk/zp/portal_zp.pl?podrobnosti=177881
Tagy: Pridať tag
Žiadne tagy, Buďte prvý, kto otaguje tento záznam!

MARC

LEADER 00000ntm a22000003a 4500
001 stuzp98844
003 SK-STU
005 20240608212620.3
007 ta
008 150427s2015----xo-----f-mn---000-0-slo-d
040 |a STU  |b slo 
041 0 |a slo 
100 1 |a Nichtová, Alexandra  |u 056160  |4 aut  |U FAD Fakulta architektúry a dizajnu  |T FAD Ústav urbanizmu a územného plánovania  |X 99332  |U A6160  |Y 397  |7 99332 
242 0 1 |a Transformation of the Istrochem area, Bratislava  |y eng 
245 1 0 |a Transformácia areálu Istrochemu, Bratislava 
260 |c 2024 
650 4 |a transformácia  |2 slo 
650 4 |a priemyselné areály  |2 slo 
650 4 |a urbanizmus  |2 slo 
650 4 |a transformation  |2 eng 
650 4 |a industrial sites  |2 eng 
650 4 |a urbanism  |2 eng 
700 1 |a Bašová, Silvia  |4 ths  |X 376  |7 A000000376 
856 4 |u http://is.stuba.sk/zp/portal_zp.pl?podrobnosti=177881